Guess the Super Hero by the Clue - Statistics

General Stats
  • This quiz has been taken 100 times
  • The average score is 12 of 15
Answer Stats
Hint Answer % Correct
Green muscle man Hulk
99%
Cast his logo in the night Batman
96%
Shoots webs from hands Spider-Man
95%
Has a hammer that shoots lightning Thor
94%
Batman's sidekick Robin
91%
Super Soldier Captain America
88%
If you blink, you might miss him Flash
88%
In the water Aquaman
87%
Wakanda Forever! Black Panther
86%
Has a futuristic suit Ironman
86%
Shoots lasers from eyes Superman
86%
Small, but mighty Ant-man
82%
I WONDER who this is Wonderwoman
79%
Has powerful rings Green Lantern
56%
Died to a branch... Wolverine
31%
No matching quizzes found
Score Distribution
Percent of People with Each Score
Percentile by Number Answered
Your Score History
You have not taken this quiz